Alternative dispute resolution : (Record no. 3854)
[ view plain ]
| 000 -LEADER | |
|---|---|
| fixed length control field | 00814nam a22002532 4500 |
| 001 - CONTROL NUMBER | |
| control field | 0000019037 |
| 005 - DATE AND TIME OF LATEST TRANSACTION | |
| control field | 20151217145910.0 |
| 008 - FIXED-LENGTH DATA ELEMENTS--GENERAL INFORMATION | |
| fixed length control field | 100902s xx 000 0 eng d |
| 020 ## - INTERNATIONAL STANDARD BOOK NUMBER | |
| International Standard Book Number | 0135064066 : |
| 040 ## - CATALOGING SOURCE | |
| Original cataloging agency | KABU |
| Transcribing agency | KABU |
| 100 1# - MAIN ENTRY--PERSONAL NAME | |
| Personal name | Coltri, Laurie S. |
| -- | 0000178591 |
| 245 10 - TITLE STATEMENT | |
| Title | Alternative dispute resolution : |
| Remainder of title | a conflict diagnosis approach / |
| Statement of responsibility, etc. | Laurie S. Coltri. |
| 250 ## - EDITION STATEMENT | |
| Edition statement | 2nd ed. |
| 260 ## - PUBLICATION, DISTRIBUTION, ETC. (IMPRINT) | |
| Place of publication, distribution, etc. | Boston : |
| Name of publisher, distributor, etc. | Prentice Hall, |
| Date of publication, distribution, etc. | 2010. |
| 300 ## - PHYSICAL DESCRIPTION | |
| Extent | xxii, 330 p. |
| 650 #0 - SUBJECT ADDED ENTRY--TOPICAL TERM | |
| Topical term or geographic name as entry element | Dispute resolution (Law) |
| -- | 0000178592 |
| 650 #0 - SUBJECT ADDED ENTRY--TOPICAL TERM | |
| Topical term or geographic name as entry element | Mediation. |
| -- | 0000178593 |
| 650 #0 - SUBJECT ADDED ENTRY--TOPICAL TERM | |
| Topical term or geographic name as entry element | Conflict management. |
| -- | 0000153272 |
| 650 #0 - SUBJECT ADDED ENTRY--TOPICAL TERM | |
| Topical term or geographic name as entry element | Arbitration and award. |
| -- | 0000140452 |
| 650 #0 - SUBJECT ADDED ENTRY--TOPICAL TERM | |
| Topical term or geographic name as entry element | Compromise (Law) |
| -- | 0000178594 |
| 852 1# - LOCATION | |
| -- | p12538 KES |
| 908 ## - PUT COMMAND PARAMETER (RLIN) | |
| Put command parameter | 100902 |
| 950 ## - LOCAL HOLDINGS (RLIN) | |
| -- | 1 |
| Withdrawn status | Lost status | Source of classification or shelving scheme | Not for loan | Home library | Current library | Date acquired | Total Checkouts | Total Renewals | Full call number | Barcode | Date last seen | Date last checked out | Price effective from | Koha item type |
|---|---|---|---|---|---|---|---|---|---|---|---|---|---|---|
| Library of Congress Classification | Kabarak, Main Campus | Kabarak, Main Campus | 17/12/2015 | 10 | 2 | K2390 .C65 2010 c. 5 | 016053 | 07/11/2025 | 30/10/2025 | 17/12/2015 | General Collection | |||
| Library of Congress Classification | Kabarak, Main Campus | Kabarak, Main Campus | 17/12/2015 | 5 | 1 | K2390 .C65 2010 c. 1 | 24176 | 11/04/2023 | 28/03/2023 | 17/12/2015 | General Collection | |||
| Library of Congress Classification | Kabarak, Main Campus | Kabarak, Main Campus | 17/12/2015 | 9 | K2390 .C65 2010 c. 6 | 016054 | 30/10/2023 | 28/10/2023 | 17/12/2015 | General Collection | ||||
| Library of Congress Classification | Kabarak, Main Campus | Kabarak, Main Campus | 17/12/2015 | 3 | K2390 .C65 2010 c. 4 | 016052 | 20/01/2021 | 11/01/2021 | 17/12/2015 | General Collection | ||||
| Library of Congress Classification | Kabarak, Main Campus | Kabarak, Main Campus | 17/12/2015 | 15 | 2 | K2390 .C65 2010 c. 3 | 016051 | 05/11/2025 | 21/10/2025 | 17/12/2015 | General Collection | |||
| Library of Congress Classification | Kabarak, Main Campus | Kabarak, Main Campus | 17/12/2015 | 11 | K2390 .C65 2010 c. 2 | 015930 | 09/10/2023 | 02/10/2023 | 17/12/2015 | General Collection |